00888njm a2200205 i 45000010005000000030009000050050017000140070015000310080041000461000033000872450134001202600041002543000049002955000038003445180143003826100070005256500015005957100042006108520030006524673ES-MaACL20240621063006.0s|r|||||||||||070806s1967 sp ||| g ||||||||1|nspa d1 aGarcía Miranda, Francisco.10aProblemas del ejercicio profesional médico en España h[Grabación sonora] / cinterviene el Dr. Francisco García Miranda. aMadrid : bAteneo de Madrid, c1967. a1 disco (CD-DA) (45 min. 23 seg.) ; c12 cm. aDatos basados en la invitación. aActo organizado por el Aula de Medicina del Ateneo de Madrid, grabado en el salón de actos el viernes 3 de marzo de 1967, a las 20:00 h.24aAteneo de Madrid-xActos culturales-y1967-vGrabaciones sonoras.14aMédicos.2 aAteneo de Madrid. bAula de Medicina. aES-MaACLjROT 3/2/40cROT